The financial numbers game : detecting creative accounting practices /

Bibliographic Details
Main Author: Mulford, Charles W., 1951-
Other Authors: Comiskey, Eugene E.
Format: Book
Language:English
Published: New York : Wiley, c2002.
Subjects:
Classic Catalogue: View this record in Classic Catalogue
LEADER 01284cam a22003134a 4500
001 44498
003 BD-DhAAL
005 20250722172224.0
008 010801s2002 nyu b 001 0 eng
010 |a  2001045648 
020 |a 0471370088 
020 |a 9780471370086 
035 |a 12489915 
040 |a DLC  |c DLC  |d DLC  |d BD-DhAAL 
042 |a pcc 
043 |a n-us--- 
050 0 0 |a HF5681.B2  |b .M75 2002 
082 0 0 |a 657.3  |2 21 
100 1 |a Mulford, Charles W.,  |d 1951-  |9 58810 
245 1 4 |a The financial numbers game :  |b detecting creative accounting practices /  |c Charles W. Mulford and Eugene E. Comiskey. 
260 |a New York :  |b Wiley,  |c c2002. 
300 |a xi, 395 pages ;  |c 26 cm. 
504 |a Includes bibliographical references and indexes. 
541 |a Donated by Farhana Zahir (Assistant Professor, BBS, BRAC University)   |e 44498 
650 0 |a Financial statements  |z United States.  |9 58811 
700 1 |a Comiskey, Eugene E.  |9 58812 
942 |2 ddc  |c BK 
999 |c 47340  |d 47340 
952 |0 0  |1 0  |2 ddc  |4 0  |6 657_300000000000000_MUL  |7 0  |9 77888  |a BRACUL  |b BRACUL  |c GEN  |d 2025-07-22  |e Donated by Farhana Zahir (Assistant Professor, BBS.)  |l 1  |m 1  |o 657.3 MUL  |p 3010044498  |r 2025-09-07  |s 2025-08-17  |t 1  |w 2025-07-22  |y BK  |x Donated by Farhana Zahir Assistant Professor BBS, BRAC University ; $39.95